| 000 | 00406cam a22001337a 4500 | ||
|---|---|---|---|
| 008 | 180718b2007 xxu||||| |||| 00| 0 eng d | ||
| 082 | _aA81x54 01/ 22A/A | ||
| 100 | _aCensus of India 2001 | ||
| 245 | _aOrissa: administrative atlas | ||
| 260 |
_aDelhi _bThe Controller of Publications _c2007 |
||
| 300 | _a656p. | ||
| 440 | _aCensus of India 2001. Series - 22, Orissa | ||
| 650 | _aOrissa - Atlases - Census | ||
| 999 |
_c486385 _d486385 |
||